| 000 | 00716nam a2200229 i 4500 | ||
|---|---|---|---|
| 001 | bg | ||
| 100 | 1 |
_aSYNOWIECKI, Adam _d(1929-2000) |
|
| 245 | 1 | 0 |
_aPrzyrodoznawstwo i materializm przyrodniczy w XIX wieku / _cAdam Synowiecki. |
| 260 |
_aGdańsk : _bWydaw. Politechniki Gdańskiej, _c2000. |
||
| 300 |
_a91, [1] s., [3] k. tabl. : _bil. kolor. ; _c24 cm. |
||
| 500 | _aStreszcz. ang. | ||
| 504 | _aBibliogr. przy rozdz. | ||
| 650 | 9 |
_aMaterializm _xhistoria _y19 w. |
|
| 650 | 9 |
_aNauki przyrodnicze _xfilozofia _xhistoria _y19 w. |
|
| 020 | _a8388007653 | ||
| 040 | _cBPK | ||
| 041 | 0 |
_apl _ben |
|
| 080 | _a113/119"18" | ||
| 920 | _a83-88007-65-3 | ||
| 942 | _cKS | ||
| 008 | s pl f |000 0 pol | ||
| 999 |
_c39530 _d39530 |
||
| 856 |
_uhttp://koha.tu.koszalin.pl/cgi-bin/koha/opac-detail.pl?biblionumber=39530 _yKatalog online BPK |
||